| 000 | 00456nam a22001697a 4500 | ||
|---|---|---|---|
| 005 | 20240613143836.0 | ||
| 008 | 240613b |||||||| |||| 00| 0 eng d | ||
| 020 | _a9781119154723 | ||
| 082 |
_a004.660 _bLOW-N |
||
| 100 | _aLowe, Doug | ||
| 245 |
_aNetworking all-in-one for dummies / _cDoug Lowe |
||
| 260 |
_aUSA: _bLowe opress; _c2016. |
||
| 300 |
_axxvii, 879 p. : _bill; _c24 cm. |
||
| 500 | _ainclude index. | ||
| 650 | _aNetworking | ||
| 999 |
_c35930 _d35930 |
||